Exodus within borders (Record no. 42859)

MARC details
000 -LEADER
fixed length control field 00589nam a2200157 a 4500
008 - FIXED-LENGTH DATA ELEMENTS--GENERAL INFORMATION
fixed length control field 120416s0000 ||||||||||||||||| || u
020 ## - INTERNATIONAL STANDARD BOOK NUMBER
International Standard Book Number 0815749538
050 ## - LIBRARY OF CONGRESS CALL NUMBER
Classification number HV 544.5 Kor
100 ## - MAIN ENTRY--PERSONAL NAME
Personal name Korn, David A
245 10 - TITLE STATEMENT
Title Exodus within borders
246 ## - VARYING FORM OF TITLE
Title proper/short title an introduction to the crisis of internal displacement
260 ## - PUBLICATION, DISTRIBUTION, ETC.
Place of publication, distribution, etc. Washington, D.C.
Name of publisher, distributor, etc. Brookings Institution Press
Date of publication, distribution, etc. 1999
300 ## - PHYSICAL DESCRIPTION
Extent ix, 147p. : ill.
350 ## - PRICE (NR) (BK AM CF MU VM SE) [OBSOLETE]
Price 0.00
995 ## - RECOMMENDATION 995 [LOCAL, UNIMARC FRANCE]
-- 0.00
-- CBU-MAIN LIBRARY (Kitwe)
-- 1
-- 12.00
-- 1
-- AVAILABLE
-- Main Library Open Access Collection
Holdings
Withdrawn status Lost status Source of classification or shelving scheme Damaged status Not for loan Home library Current library Shelving location Date acquired Total Checkouts Full call number Barcode Date last seen Price effective from Koha item type
          CBU-MAIN LIBRARY, KITWE. CBU-MAIN LIBRARY, KITWE.   11/30/2022   HV 544.5 Kor 028331 11/30/2022 11/30/2022 MONOGRAPH